Climate change and the natural heritage (Record no. 110518)

MARC details
000 -LEADER
fixed length control field 00992cad a22002175a 4500
001 - CONTROL NUMBER
control field E149502
008 - FIXED-LENGTH DATA ELEMENTS--GENERAL INFORMATION
fixed length control field 100310s2009 xxk f 000 0 eng d
020 ## - INTERNATIONAL STANDARD BOOK NUMBER
International Standard Book Number 9781853975882
035 ## - SYSTEM CONTROL NUMBER
System control number (Sirsi) u149502
041 0# - LANGUAGE CODE
Language code of text/sound track or separate title eng
110 2# - MAIN ENTRY--CORPORATE NAME
Corporate name or jurisdiction name as entry element Scottish Natural Heritage
9 (RLIN) 2794
245 00 - TITLE STATEMENT
Title Climate change and the natural heritage
Remainder of title SNH's approach and action plan
Medium [electronic resource]
260 ## - PUBLICATION, DISTRIBUTION, ETC.
Place of publication, distribution, etc. Redgorton
Name of publisher, distributor, etc. SNH
Date of publication, distribution, etc. 2009
520 ## - SUMMARY, ETC.
Summary, etc. Outlines how SNH will deal with climate change in terms of mitigating its effects and assisting society and nature to adapt to its effects. Also includes a Climate Change Action Plan, which gives a more detailed overview of SNH's plans over the next five years.
521 ## - TARGET AUDIENCE NOTE
Target audience note Advanced
590 ## - LOCAL NOTE (RLIN)
Local note KA
651 #4 - SUBJECT ADDED ENTRY--GEOGRAPHIC NAME
Geographic name Scotland
Chronological subdivision 1999-
690 ## - LOCAL SUBJECT ADDED ENTRY--TOPICAL TERM (OCLC, RLIN)
Topical term or geographic name as entry element ENVIRONMENTAL AND LAND CONSULTANCY-SUSTAINABILITY
856 40 - ELECTRONIC LOCATION AND ACCESS
Uniform Resource Identifier <a href="https://www.snh.org.uk/pdfs/publications/corporate/ClimateChange.pdf">https://www.snh.org.uk/pdfs/publications/corporate/ClimateChange.pdf</a>
Public note View the report free of charge (PDF file) at www.snh.org.uk
942 ## - ADDED ENTRY ELEMENTS (KOHA)
Suppress in OPAC 0
Holdings
Withdrawn status Lost status Source of classification or shelving scheme Damaged status Not for loan Home library Current library Shelving location Date acquired Total Checkouts Full call number Barcode Date last seen Copy number Price effective from Koha item type
    Dewey Decimal Classification     Virtual Virtual Online 10/03/2010   ONLINE PUBLICATION 149502-2001 06/08/2019 1 06/08/2019 Book